Pressure pulse injection : A powerful alternative to electrokinetic sample loading in electrophoresis microchips /

Spremljeno u:
Bibliografski detalji
Glavni autor: Solignac, D
Daljnji autori: Gijs, M. A. M.
Format: Članak
Jezik:English
Teme:
Oznake: Dodaj oznaku
Bez oznaka, Budi prvi tko označuje ovaj zapis!
Thư viện lưu trữ: Thư viện Trường Đại học Đà Lạt
LEADER 00941nam a2200313 4500
001 DLU090096931
005 ##20091201
040 # # |a DLU  |b eng 
041 # # |a eng 
044 # # |a us 
100 # # |a Solignac, D  
245 # # |a Pressure pulse injection : A powerful alternative to electrokinetic sample loading in electrophoresis microchips /  |c D. Solignac, M. A. M. Gijs. 
653 # # |a Capillary electrophoresis 
653 # # |a Injection 
653 # # |a Membrane 
653 # # |a Pressure pulse 
653 # # |a Repeatability 
653 # # |a Sensitivity 
700 # # |a Gijs, M. A. M. 
773 # # |t Analytical Chemistry  |g Vol. 75, no. 7 (April 2003), p. 1652-1657 
920 # # |a Phòng Tạp chí -- Trung tâm Thông tin - Thư viện Trường Đại học Đà Lạt 
994 # # |a DLU 
900 # # |a True 
911 # # |a Trương Bảo Trâm Anh 
925 # # |a G 
926 # # |a A 
927 # # |a BB 
980 # # |a Thư viện Trường Đại học Đà Lạt